Educación diferencial: glosario de términos
Salvato in:
| Autore principale: | |
|---|---|
| Natura: | Libro |
| Lingua: | spagnolo |
| Pubblicazione: |
s.n
1975
|
| Soggetti: | |
| Tags: |
Aggiungi Tag
Nessun Tag, puoi essere il primo ad aggiungerne!!
|
MARC
| LEADER | 00000nam a2200000 a 4500 | ||
|---|---|---|---|
| 001 | UCZ1093 | ||
| 003 | CL-VaPUC | ||
| 008 | 950811e19750000CL |||||||||||||||||spa|d | ||
| 082 | 0 | 4 | |a 371.903 |b BRI |2 21 |
| 100 | 0 | |a Brito Aguilera, Alfonso |e author |9 344487 | |
| 245 | 1 | 0 | |a Educación diferencial: glosario de términos |
| 300 | |a 129 h | ||
| 942 | |c BK | ||
| 945 | |d 19950811 00:00:00 |a mfernand | ||
| 260 | |b s.n |c 1975 | ||
| 650 | 0 | |a Educación especial |9 307486 | |
| 650 | 0 | |a Diccionarios |9 256200 | |
| 583 | |a last modification |c 20120904 08:31:09 |k Rodrigo Vera | ||
| 999 | |c 237908 |d 237906 | ||
| 952 | |0 0 |1 0 |4 0 |6 371_903000000000000_BRI_1975 |7 0 |8 X |9 247697 |a BIBEDU |b BIBEDU |d 2019-11-18 |i 1557408 |o 371.903 BRI 1975 |p 1557408 |r 2023-01-13 |w 2019-11-18 |y BK_X |k EDU | ||